Applied partial differential equations : with Fourier series and boundary value problems

Αποθηκεύτηκε σε:
Λεπτομέρειες βιβλιογραφικής εγγραφής
Κύριος συγγραφέας: Haberman, Richard, 1945-
Μορφή: Βιβλίο
Γλώσσα:English
Δημοσίευση: Upper Saddle River, N.J. : Pearson Prentice Hall, c2004
Έκδοση:4th ed.
Θέματα:
Ετικέτες: Προσθήκη ετικέτας
Δεν υπάρχουν, Καταχωρήστε ετικέτα πρώτοι!

MARC

LEADER 00000cam a2200000 i 4500
001 1/25751
008 130211s2004 eng d
020 |a 0-13--065243-1 
035 |l 10113701 
040 |a GR-MY-UA  |b gre  |e aacr 
041 0 |a eng 
082 0 |a 515.353  |2 (22) 
100 1 |a Haberman, Richard,   |d 1945- 
245 1 0 |a Applied partial differential equations :  |b with Fourier series and boundary value problems /  |c Richard Haberman 
250 |a 4th ed. 
260 |a Upper Saddle River, N.J. :   |b Pearson Prentice Hall,   |c c2004 
300 |a xviii, 769 σ.;  |b εικ.;  |c 24 εκ. 
500 |a Rev. ed. of: Elementary applied partial differential equations. 3rd ed. c1998. 
504 |a Βιβλιογραφία: σ.726-730. Ευρετήριο 
650 0 0 |a Differential equations, Partial. 
650 0 0 |a Fourier series. 
650 0 0 |a Boundary value problems. 
852 |a INST  |b SAMOS  |e 20130211  |h 515.353 HAB  |p 005300033489  |q 005300033489  |t BK  |y 4  |x 20230712 
901 |a BIBL3-2013-1 
909 |a Σ  |b 177880 
922 |a 3ΕΛΗ  |b 201210  |c ΤΜΗΜΑ ΜΑΘΗΜΑΤΙΚΩΝ  |d BEST BOOK HUNTERS 
970 |a ΚΟΣΙΕΡΗΣ  |b ΧΡΗΣΤΟΣ  |z 2013/02/11